| Tag |
First Indicator |
Second Indicator |
Subfields |
| LEADER |
00000cam a2200000 4500 |
| 001 |
in00000463591 |
| 005 |
20151012163634.0 |
| 008 |
740426s1935 enka b 00110beng |
| 010 |
|
|
|a 36007316
|
| 035 |
|
|
|a (OCoLC)00870831
|
| 035 |
|
|
|9 ABZ6689AM
|
| 040 |
|
|
|c KSU
|d TXA
|d UtOrBLW
|
| 049 |
|
|
|a TXAM
|c [1533934]
|
| 050 |
0 |
0 |
|a ML410.H13
|b W7 1935
|
| 100 |
1 |
|
|a Williams, C. F. Abdy
|q (Charles Francis Abdy),
|d 1855-1923.
|
| 245 |
1 |
0 |
|a Handel /
|c by C. F. Abdy Williams.
|
| 250 |
|
|
|a [Rev. ed.].
|
| 264 |
|
1 |
|a London :
|b J. M. Dent;
|a New York :
|b E. P. Dutton,
|c [1935]
|
| 300 |
|
|
|a xi, 275 pages :
|b illustrations ;
|c 19 cm.
|
| 336 |
|
|
|a text
|b txt
|2 rdacontent
|
| 337 |
|
|
|a unmediated
|b n
|2 rdamedia
|
| 338 |
|
|
|a volume
|b nc
|2 rdacarrier
|
| 490 |
1 |
|
|a The Master musicians. New series
|
| 500 |
|
|
|a "First published 1901."
|
| 504 |
|
|
|a "Catalogue of works": pages 240-248.
|
| 504 |
|
|
|a Bibliography: pages 259-261.
|
| 600 |
1 |
0 |
|a Handel, George Frideric,
|d 1685-1759.
|
| 700 |
1 |
|
|a Blom, Eric,
|d 1888-1959.
|
| 830 |
|
0 |
|a Master musicians series.
|
| 999 |
|
|
|a MARS
|
| 999 |
f |
f |
|s b172ac60-6911-323b-a30f-12edd5dd5fbe
|i 38263067-0aa8-3523-a7a1-f62d2364408f
|t 0
|
| 952 |
f |
f |
|p ric
|a Texas A&M University
|b Rellis Campus
|c Joint Library Facility
|d Remote Storage
|t 0
|e ML410.H13 W7 1935
|h Library of Congress classification
|i unmediated -- volume
|m A14803356229
|
| 998 |
f |
f |
|a ML410.H13 W7 1935
|t 0
|l Remote Storage
|